00435 2200169 4500245008600000020001800086250001100104100002100115700001700136650001600153005001900169260002300188041001400211084000800225300002300233336000900256 aPsychic Detective Yakumo b : That Which Conncects SoulscKaminaga, ManabuhText a9786023399093 aCet. 1 aKaminaga, Manabu aMohammad Ali aNovel Fiksi a20230119081924 aJakartabM&Cc2016 aIndonesia a813 a392 hlm. :c20 cm. atext